[Event "59th World Juniors 2022"]
[Site "Cala Gonone ITA"]
[Date "2022.10.21"]
[Round "10.54"]
[White "De Ieso, Lorenzo"]
[Black "Momin Fayzan"]
[Result "1-0"]
[WhiteElo "1938"]
[BlackElo "1974"]
[WhiteFideId "2894101"]
[BlackFideId "7805225"]
[EventDate "2022.10.12"]

1. e4 c5 2. Nc3 Nc6 3. Nf3 e5 4. Bc4 Be7 5. d3 d6 6. Nd2 Nf6 7. Nf1 O-O 8. Ne3
Be6 9. O-O a6 10. a4 Nd4 11. Ncd5 Nxd5 12. Nxd5 Rb8 13. a5 Bg5 14. f4 Bxd5 15.
Bxd5 exf4 16. c3 Ne6 17. Rf3 b5 18. axb6 Rxb6 19. Qf1 Qb8 20. Ra2 h6 21. g3 fxg3
22. Rxg3 Bxc1 23. Qxc1 Kh8 24. b3 Rxb3 25. Bxb3 Qxb3 26. Qc2 Qxc2 27. Rxc2 Rb8
28. Ra2 Rb1+ 29. Kf2 Rc1 30. c4 Nd4 31. Rg1 Rc3 32. Ke3 Rc2 33. Rxc2 Nxc2+ 34.
Kf4 Nb4 35. Ke3 Kg8 36. Kd2 Kf8 37. Kc3 Na2+ 38. Kb3 Nb4 39. d4 Nc6 40. dxc5
dxc5 41. Rd1 Ke7 42. Ka4 Ne5 43. Rc1 Nc6 44. h4 g6 45. Rb1 Nd4 46. Ka5 Ne6 47.
Kxa6 Kd6 48. Rf1 Ke7 49. Kb6 Kf8 50. Kc6 Ke7 51. e5 h5 52. Rf2 Ke8 53. Kd6 Kf8
54. Rf6 g5 55. hxg5 Nxg5 56. Rh6 Ne4+ 57. Kd5 Ng3 58. Kxc5 Kg7 59. Ra6 h4 60.
Kd5 Kh7 61. Ra3 Kg6 62. c5 Nf5 63. c6 Kg5 64. c7 Kf4 65. Kc5 Ne7 66. Kd6 Nc8+
67. Kd7 Nb6+ 68. Kc6 Nc8 69. Ra8 Ne7+ 70. Kd6 Nf5+ 71. Kd7 1-0

[Event "59th World Juniors 2022"]
[Site "Cala Gonone ITA"]
[Date "2022.10.21"]
[Round "10.55"]
[White "Salem Muhsan Shuaib"]
[Black "Monferrato, Rocco"]
[Result "1-0"]
[WhiteElo "1227"]
[BlackElo "1563"]
[WhiteFideId "9325824"]
[BlackFideId "3016536"]
[EventDate "2022.10.12"]

1. d4 c5 2. d5 e6 3. Nc3 Nf6 4. e4 exd5 5. Nxd5 Nxd5 6. Qxd5 Nc6 7. Bc4 Qe7 8.
Bg5 f6 9. Bd2 d6 10. O-O-O Be6 11. Qxe6 Qxe6 12. Bxe6 Nd4 13. Bd5 Rb8 14. Nf3
Nxf3 15. gxf3 Kd7 16. Rhe1 b5 17. Bf4 g5 18. Bg3 h5 19. h4 Be7 20. f4 Rbf8 21.
hxg5 h4 22. gxf6 Bxf6 23. Bh2 Bd4 24. Re2 b4 25. f3 Rh7 26. e5 Rg7 27. Rde1 h3
28. Kd2 Rb8 29. c3 bxc3+ 30. bxc3 Rb2+ 31. Kd3 Rxe2 32. Rxe2 Bg1 33. Bxg1 Rxg1
34. Rh2 dxe5 35. fxe5 Rg2 36. Rxh3 1-0

[Event "59th World Juniors 2022"]
[Site "Cala Gonone ITA"]
[Date "2022.10.21"]
[Round "10.56"]
[White "Casadio, Niccolo'"]
[Black "Ahmed Younes Alkhemeiri"]
[Result "1-0"]
[WhiteElo "2201"]
[BlackElo "1139"]
[WhiteFideId "2827951"]
[BlackFideId "9324585"]
[EventDate "2022.10.12"]

1. e4 e5 2. Nf3 Nc6 3. Bc4 Bc5 4. O-O Nf6 5. d4 Bxd4 6. Nxd4 Nxd4 7. Bg5 d6 8.
f4 Qe7 9. fxe5 dxe5 10. Na3 Ne6 11. Bxf6 gxf6 12. Qf3 Nf4 13. g3 Rg8 14. Kh1 Bh3
15. Rf2 Bg4 16. Qb3 Qc5 17. Bxf7+ Ke7 18. Raf1 Rgf8 19. gxf4 Rxf7 20. f5 Qc6 21.
Qb4+ Ke8 22. Rg1 a5 23. Qb5 Qxb5 24. Nxb5 h5 25. h3 1-0

[Event "59th World Juniors 2022"]
[Site "Cala Gonone ITA"]
[Date "2022.10.21"]
[Round "10.57"]
[White "Ghaith Saeed Alnuaimi"]
[Black "Vivoli, Alessandro"]
[Result "1-0"]
[WhiteElo "1269"]
[BlackElo "1555"]
[WhiteFideId "9309152"]
[BlackFideId "11800240"]
[EventDate "2022.10.12"]

1. d4 d5 2. c4 e6 3. Nc3 Nf6 4. Bg5 Be7 5. Nf3 O-O 6. e3 c6 7. Qc2 Nbd7 8. Rd1
Re8 9. Bd3 Nf8 10. O-O Ng6 11. e4 dxe4 12. Nxe4 Nxe4 13. Bxe7 Qxe7 14. Bxe4 Qc7
15. Nd2 b6 16. c5 b5 17. Bxg6 hxg6 18. Ne4 e5 19. Nd6 Re7 20. d5 cxd5 21. Rxd5
Qc6 22. Nxc8 Rxc8 23. Rd6 Qxd6 24. cxd6 Rxc2 25. dxe7 Rc8 26. Rd1 Kh7 27. f3 Re8
28. Rd7 a6 29. Kf2 f6 30. Ra7 Kg8 31. Rxa6 Rxe7 32. Rb6 Ra7 33. a3 Ra5 34. Ke3
Kf7 35. Kd3 Ke7 36. Kc3 g5 37. Kb4 Ra4+ 38. Kxb5 Rd4 39. a4 Rd2 40. Kc6 Rxg2 41.
a5 Rxh2 42. a6 Rc2+ 43. Kb7 Kd7 44. a7 Rc7+ 45. Ka6 Rc8 46. Rb8 1-0

[Event "59th World Juniors 2022"]
[Site "Cala Gonone ITA"]
[Date "2022.10.21"]
[Round "10.58"]
[White "Persico, Lorenzo"]
[Black "Abdulla Younes Alkhemeiri"]
[Result "1-0"]
[WhiteElo "2007"]
[BlackElo "1405"]
[WhiteFideId "899240"]
[BlackFideId "9324577"]
[EventDate "2022.10.12"]

1. e4 c6 2. d4 d5 3. exd5 cxd5 4. Bd3 Nc6 5. c3 Nf6 6. Bf4 e6 7. Nf3 Bd6 8. Bxd6
Qxd6 9. O-O O-O 10. Re1 Re8 11. Ne5 h6 12. Nd2 Nd7 13. f4 Ndxe5 14. fxe5 Qe7 15.
Bb1 Qg5 16. Qc2 Qf5 17. Qd1 Qg5 18. Rf1 Ne7 19. Rf3 Nf5 20. Nf1 Bd7 21. Ng3 Nh4
22. Rf2 Bb5 23. Bd3 Bxd3 24. Qxd3 a6 25. Raf1 Re7 26. a4 Rc8 27. Qe2 Rc4 28. Rf4
Rec7 29. Rg4 Qe7 30. Nh5 Ng6 31. Qc2 Qd7 32. Rxg6 fxg6 33. Qxg6 Qf7 34. Nf6+ Kf8
35. Nh7+ Kg8 36. Rxf7 Rxf7 37. Qxe6 Rc7 38. Ng5 hxg5 39. Qxd5 Rd7 40. Qc4 Re7
41. e6 Rf8 42. d5 1-0

[Event "59th World Juniors 2022"]
[Site "Cala Gonone ITA"]
[Date "2022.10.22"]
[Round "11.1"]
[White "Mendonca, Leon Luke"]
[Black "Kozak, Adam"]
[Result "1-0"]
[WhiteTitle "GM"]
[BlackTitle "GM"]
[WhiteElo "2558"]
[BlackElo "2516"]
[WhiteFideId "35028561"]
[BlackFideId "753246"]
[EventDate "2022.10.12"]

1. c4 c6 2. Nf3 d5 3. d4 Nf6 4. e3 e6 5. Bd3 Nbd7 6. b3 Bd6 7. Bb2 O-O 8. O-O
Qe7 9. Ne5 c5 10. Nd2 cxd4 11. exd4 Ba3 12. Bxa3 Qxa3 13. f4 b6 14. Ndf3 dxc4
15. bxc4 Bb7 16. Qe2 Qd6 17. Qe3 Rad8 18. Rad1 Bxf3 19. Rxf3 g6 20. Bc2 Nb8 21.
Ba4 Qb4 22. Bb3 Qd6 23. Ba4 Qb4 24. Qb3 Qd6 25. h3 Ne8 26. Qb2 Ng7 27. Ng4 Kh8
28. Kh2 Nd7 29. c5 Qc7 30. Bxd7 Rxd7 31. Nf6 Rdd8 32. Rc1 Qe7 33. Ng4 f6 34.
cxb6 axb6 35. Qxb6 Qd6 36. Qxd6 Rxd6 37. Nxf6 Rxd4 38. Ng4 Nh5 39. Ne5 Rdxf4 40.
a4 Ra8 41. Rxf4 Nxf4 42. Ra1 Ra5 43. Nc6 Ra6 44. Nd4 Nd3 45. Nb3 Kg7 46. a5 Kf6
47. Kg3 Nb4 48. Nc5 Rc6 49. a6 Rxc5 50. a7 Rc8 51. a8=Q Rxa8 52. Rxa8 Nd5 53.
Kf3 h5 54. Rf8+ Kg7 55. Rc8 Kf6 56. Ke4 h4 57. Rf8+ Ke7 58. Rh8 g5 59. Ke5 Nf6
60. Ra8 Nd7+ 61. Ke4 Kf6 62. Ra2 Nc5+ 63. Kd4 Nd7 64. Rf2+ Ke7 65. Ke4 Nf6+ 66.
Ke5 Nd7+ 67. Kd4 Nf8 68. Ke4 Nd7 69. Ra2 Kf6 70. Rf2+ Ke7 71. Rb2 Kf6 72. Rb5
Kg6 73. Kf3 Kf6 74. Kg4 Ne5+ 75. Kh5 Nf7 76. Rb1 Nd6 77. Rf1+ Nf5 78. Rf2 Ke5
79. Kxg5 Ke4 80. Re2+ Kd5 81. Re1 Kd6 82. Kf6 Nd4 83. Re5 1-0

[Event "59th World Juniors 2022"]
[Site "Cala Gonone ITA"]
[Date "2022.10.22"]
[Round "11.2"]
[White "Gadimbayli, Abdulla"]
[Black "Muradli, Mahammad"]
[Result "1/2-1/2"]
[WhiteTitle "IM"]
[BlackTitle "GM"]
[WhiteElo "2499"]
[BlackElo "2550"]
[WhiteFideId "13404938"]
[BlackFideId "13409301"]
[EventDate "2022.10.12"]

1. e4 c5 2. Nf3 d6 3. d4 cxd4 4. Nxd4 Nf6 5. Nc3 a6 6. Bg5 e6 7. f4 h6 8. Bh4
Qb6 9. a3 Be7 10. Bf2 Qc7 11. Qf3 Nc6 12. O-O-O Bd7 13. g4 Nxd4 14. Rxd4 Bc6 15.
Bc4 b5 16. Ba2 a5 17. g5 hxg5 18. fxg5 Nd7 19. g6 Ne5 20. gxf7+ Kf8 21. Qg2 b4
22. axb4 axb4 23. Rxb4 d5 24. Rb6 dxe4 25. Rg1 Bf6 26. Qg3 Kxf7 27. Bd4 Rxa2 28.
Nxa2 Ra8 29. Rxc6 Qxc6 30. Bxe5 Rxa2 31. Qg6+ Kf8 32. Bxf6 Ra1+ 33. Kd2 Qd7+ 34.
Ke3 Rxg1 35. Qxg1 gxf6 36. Qg6 f5 37. Qf6+ Kg8 38. Qg6+ Kf8 1/2-1/2

[Event "59th World Juniors 2022"]
[Site "Cala Gonone ITA"]
[Date "2022.10.22"]
[Round "11.3"]
[White "Nesterov, Arseniy"]
[Black "Esipenko, Andrey"]
[Result "1/2-1/2"]
[WhiteTitle "GM"]
[BlackTitle "GM"]
[WhiteElo "2567"]
[BlackElo "2668"]
[WhiteFideId "24198455"]
[BlackFideId "24175439"]
[EventDate "2022.10.12"]

1. d4 Nf6 2. c4 e6 3. g3 d5 4. Bg2 Bb4+ 5. Nd2 O-O 6. Nf3 b6 7. O-O Bb7 8. Ne5
Qc8 9. cxd5 Bxd5 10. Bxd5 exd5 11. Ndf3 h6 12. Bf4 Be7 13. Rc1 c5 14. dxc5 bxc5
15. Be3 Na6 16. Nd3 Rb8 17. Qa4 Re8 18. Rc2 Qb7 19. Nxc5 Bxc5 20. Bxc5 Nxc5 21.
Rxc5 Rxe2 22. Ra5 Qxb2 23. Rxa7 Qc3 24. Qf4 Rbe8 25. Kg2 Qc5 26. Qd4 Qxd4 27.
Nxd4 Rd2 28. Ra4 Re4 29. Ra8+ Kh7 30. Nf3 Rb2 31. Ra7 Ng4 32. Kg1 Ree2 33. Rxf7
Kg8 34. Rd7 Nxf2 35. Rd8+ Kh7 36. Rxd5 Ng4 37. Rh5 Kg6 38. Rh4 h5 39. Nd4 Rg2+
40. Kh1 Nxh2 41. Rb1 Ng4 42. Rxb2 Rxb2 43. Ne6 Rb5 44. a4 Ra5 45. Nf4+ Kh6 46.
Kg2 g6 47. Rh1 Rxa4 48. Re1 Kg5 49. Re6 Kf5 50. Rb6 Ra2+ 51. Kg1 Ne5 52. Rb5 Ke4
53. Kf1 Rh2 54. Nh3 Nd3 55. Ng5+ Ke3 56. Rb6 Rf2+ 57. Kg1 Rf5 58. Re6+ Ne5 59.
Nf7 Rxf7 60. Rxe5+ Kf3 1/2-1/2

[Event "59th World Juniors 2022"]
[Site "Cala Gonone ITA"]
[Date "2022.10.22"]
[Round "11.4"]
[White "Sonis, Francesco"]
[Black "Iniyan, P"]
[Result "1-0"]
[WhiteTitle "GM"]
[BlackTitle "GM"]
[WhiteElo "2531"]
[BlackElo "2541"]
[WhiteFideId "895733"]
[BlackFideId "25002767"]
[EventDate "2022.10.12"]

1. Nf3 Nf6 2. c4 g6 3. g3 Bg7 4. Bg2 d6 5. d4 O-O 6. Nc3 c5 7. O-O Nc6 8. d5 Na5
9. Nd2 a6 10. Rb1 Rb8 11. Qc2 b5 12. b3 Bf5 13. e4 Bd7 14. Bb2 e5 15. Nd1 Nh5
16. Bc3 f5 17. exf5 gxf5 18. Bf3 Nf6 19. Ne3 b4 20. Bb2 Qc8 21. Kh1 Nb7 22. Be2
Nd8 23. f4 e4 24. g4 fxg4 25. Bxf6 Bxf6 26. Nxe4 Bf5 27. Nxf5 Qxf5 28. Bxg4 Qg6
29. Qe2 Bd4 30. Bh5 Qh6 31. Qg4+ Kh8 32. Rbe1 Rb7 33. Qg5 Qxg5 34. fxg5 Rxf1+
35. Rxf1 Rd7 36. Bg4 Rf7 37. Rxf7 Nxf7 38. Be6 1-0

[Event "59th World Juniors 2022"]
[Site "Cala Gonone ITA"]
[Date "2022.10.22"]
[Round "11.5"]
[White "Stoyanov, Tsvetan"]
[Black "Kacharava, Nikolozi"]
[Result "0-1"]
[WhiteTitle "IM"]
[BlackTitle "IM"]
[WhiteElo "2449"]
[BlackElo "2512"]
[WhiteFideId "2917173"]
[BlackFideId "13611860"]
[EventDate "2022.10.12"]

1. c4 e5 2. Nc3 Nf6 3. Nf3 Nc6 4. e4 h6 5. a3 d6 6. d4 Bg4 7. d5 Nd4 8. Be2 Nxe2
9. Qxe2 Be7 10. h3 Bd7 11. Be3 O-O 12. O-O Nh7 13. Nd2 f5 14. exf5 Bxf5 15. f4
exf4 16. Bxf4 Qd7 17. g4 Bg6 18. Rae1 Bh4 19. Qe6+ Qf7 20. Re3 Bf6 21. Kg2 Qxe6
22. Rxe6 Rf7 23. Re3 Bd4 24. Ree1 a6 25. Be3 Rxf1 26. Nxf1 Be5 27. Nd2 Bd3 28.
Nd1 b5 29. cxb5 axb5 30. Nf2 Bg6 31. Rc1 Nf6 32. Nd1 Nxd5 33. Nf1 c5 34. Bd2
Be4+ 35. Kg1 Bd4+ 36. Nfe3 Rf8 37. Kh2 Be5+ 38. Kg1 Bd4 39. Kh2 Be5+ 40. Kg1 Nf4 0-1

[Event "59th World Juniors 2022"]
[Site "Cala Gonone ITA"]
[Date "2022.10.22"]
[Round "11.6"]
[White "Murzin, Volodar"]
[Black "Petkov, Momchil"]
[Result "1/2-1/2"]
[WhiteTitle "IM"]
[BlackTitle "GM"]
[WhiteElo "2557"]
[BlackElo "2511"]
[WhiteFideId "44155573"]
[BlackFideId "2921642"]
[EventDate "2022.10.12"]

1. e4 c5 2. Nf3 d6 3. d4 cxd4 4. Nxd4 Nf6 5. Nc3 a6 6. Be3 e5 7. Nb3 Be7 8. f3
Be6 9. Qd2 h5 10. O-O-O Nbd7 11. Kb1 Rc8 12. Bg5 b5 13. h4 Nb6 14. Bxf6 Bxf6 15.
Qxd6 Qxd6 16. Rxd6 Bd8 17. Rd1 Rh6 18. Nc1 Be7 19. Bd3 Rd8 20. a3 Rg6 21. Rd2
Rg3 22. Re2 Kf8 23. N1a2 Bc5 24. Nd1 Bc4 25. Nc1 Be6 26. Na2 Bc4 27. Nc1 Be6 28.
Rh2 Bg1 29. Rh1 Bc5 30. Rh2 Bg1 31. Rh1 Bc5 32. Rh2 1/2-1/2

[Event "59th World Juniors 2022"]
[Site "Cala Gonone ITA"]
[Date "2022.10.22"]
[Round "11.7"]
[White "Svane, Frederik"]
[Black "Zhu, Jiner"]
[Result "1/2-1/2"]
[WhiteTitle "GM"]
[BlackTitle "WGM"]
[WhiteElo "2566"]
[BlackElo "2484"]
[WhiteFideId "12923044"]
[BlackFideId "8608059"]
[EventDate "2022.10.12"]

1. e4 c5 2. Nf3 e6 3. c4 Nc6 4. d4 cxd4 5. Nxd4 Qb6 6. Nc2 Bc5 7. Qd2 Nf6 8. Nc3
Qc7 9. Be2 O-O 10. O-O Rd8 11. Qf4 Qxf4 12. Bxf4 d5 13. e5 Nd7 14. Rfd1 Ndxe5
15. cxd5 exd5 16. Nxd5 Bg4 17. Bxg4 Nxg4 18. Nce3 Nxe3 19. Bxe3 Bxe3 20. Nxe3
Kf8 21. g3 g6 22. Kg2 h5 23. Rac1 Rac8 24. h4 Ke7 25. Nd5+ Kf8 26. Ne3 Ke7 27.
Nd5+ Kf8 28. Nf6 Ke7 29. Nd5+ 1/2-1/2

[Event "59th World Juniors 2022"]
[Site "Cala Gonone ITA"]
[Date "2022.10.22"]
[Round "11.8"]
[White "Batsuren, Dambasuren"]
[Black "Gorshtein, Ido"]
[Result "1/2-1/2"]
[WhiteTitle "GM"]
[BlackTitle "IM"]
[WhiteElo "2522"]
[BlackElo "2471"]
[WhiteFideId "4902920"]
[BlackFideId "2815532"]
[EventDate "2022.10.12"]

1. d4 f5 2. g3 Nf6 3. Bg2 g6 4. Nf3 Bg7 5. O-O O-O 6. b3 Na6 7. c4 Rb8 8. Bb2 b5
9. cxb5 Rxb5 10. Nc3 Rb8 11. Nd2 Bb7 12. Bxb7 Rxb7 13. Nc4 c6 14. d5 Nb4 15.
dxc6 Nxc6 16. Nd5 Ne4 17. Bxg7 Kxg7 18. f3 Nf6 19. Rc1 Rb5 20. Nc3 Rc5 21. Qd3
d6 22. Qe3 Qb8 23. Na4 Rd5 24. Nc3 Rc5 25. Na4 Rb5 26. Rfd1 Ne5 27. Nab2 Qb7 28.
Rd2 Nf7 29. Nd3 e5 30. Rdc2 Qe7 31. f4 Re8 32. Na3 Rb7 33. fxe5 dxe5 34. Qc5 Qd8
35. Nf2 Rd7 36. Nc4 e4 37. Ne3 h5 38. Rd1 Ree7 39. Rxd7 Rxd7 40. Qc3 Ng5 41. Qe5
Qb6 42. Qc5 Ne6 43. Qxb6 axb6 44. Kf1 b5 45. h4 f4 46. gxf4 Nxf4 47. Ke1 Ra7 48.
Kd2 b4 49. Ke1 N6d5 50. Nxd5 Nxd5 51. Rc4 e3 52. Nd3 Rxa2 53. Kf1 Ra1+ 54. Kg2
Ra7 55. Nxb4 Nxb4 56. Rxb4 Rf7 57. Re4 Rf2+ 58. Kg3 Rxe2 59. Kf3 Rh2 1/2-1/2

[Event "59th World Juniors 2022"]
[Site "Cala Gonone ITA"]
[Date "2022.10.22"]
[Round "11.9"]
[White "Samunenkov, Ihor"]
[Black "Seo, Jung Min"]
[Result "1-0"]
[WhiteTitle "IM"]
[BlackTitle "IM"]
[WhiteElo "2473"]
[BlackElo "2520"]
[WhiteFideId "14187086"]
[BlackFideId "1734687"]
[EventDate "2022.10.12"]

1. d4 Nf6 2. c4 e6 3. Nf3 d5 4. g3 Bb4+ 5. Bd2 Be7 6. Bg2 O-O 7. O-O c6 8. Qc2
b6 9. Rd1 Nbd7 10. cxd5 cxd5 11. Ne5 Bb7 12. Nc6 Bxc6 13. Qxc6 Rc8 14. Qa4 Qc7
15. Nc3 Qb7 16. Rdc1 a6 17. e3 Rc7 18. Ne2 Rfc8 19. Rxc7 Rxc7 20. Rc1 Rxc1+ 21.
Nxc1 Ne4 22. Be1 h5 23. Bf1 Qc8 24. Nd3 Nb8 25. Be2 g6 26. Kg2 Kg7 27. h3 Bd6
28. Qb3 Qc7 29. g4 hxg4 30. hxg4 g5 31. f3 Nf6 32. Bc3 Nbd7 33. Qd1 b5 34. Qd2
Kg6 35. b3 Kh6 36. Nf2 Kg7 37. Bd3 Bh2 38. Nh1 Bd6 39. Qe1 Nf8 40. Ba5 Qd7 41.
Nf2 Ng6 42. Nh3 Nh7 43. Qc1 f5 44. Be1 fxg4 45. fxg4 Qe8 46. Qc2 Nf6 47. Nxg5
Nxg4 48. Qe2 Nh6 49. Qf3 Nf7 50. Nxf7 Qxf7 51. Qxf7+ Kxf7 52. a4 Ne7 53. axb5
axb5 54. Bxb5 e5 55. Bd7 Kf6 56. Bh4+ Kf7 57. Bg3 Kf6 58. Kh3 Ng8 59. Bc8 Nh6
60. Bh4+ Kf7 61. Bg3 Kf6 62. Kg2 Nf7 63. Bh4+ Ng5 64. Kg3 Kg6 65. Kg4 Nf7 66.
Bf5+ Kg7 67. Be6 exd4 68. exd4 Bb4 69. Kf5 Nd6+ 70. Ke5 Nb5 71. Kxd5 Nc7+ 72.
Ke5 Bc3 73. Bd7 Kf7 74. Bd8 Na6 75. Kd5 Bb2 76. Kc4 Nb8 77. Bb5 Ke6 78. Bc7 Nd7
79. Bc6 Nf6 80. b4 Ng4 81. d5+ Kf7 82. b5 Ne5+ 83. Kb3 Bd4 84. b6 Nxc6 85. dxc6
Ke6 86. b7 Ba7 87. Bb6 Kd5 88. Bxa7 Kxc6 89. b8=Q Kd7 90. Qe5 1-0

[Event "59th World Juniors 2022"]
[Site "Cala Gonone ITA"]
[Date "2022.10.22"]
[Round "11.10"]
[White "Stefansson, Vignir Vatnar"]
[Black "Davtyan, Artur"]
[Result "0-1"]
[WhiteTitle "IM"]
[BlackTitle "IM"]
[WhiteElo "2471"]
[BlackElo "2517"]
[WhiteFideId "2308649"]
[BlackFideId "13308327"]
[EventDate "2022.10.12"]

1. c4 e6 2. d4 d5 3. Nf3 Nf6 4. g3 Be7 5. Bg2 O-O 6. O-O dxc4 7. Qc2 a6 8. a4
Bd7 9. Qxc4 Bc6 10. Bg5 a5 11. Bxf6 Bxf6 12. Nc3 Na6 13. e4 Nb4 14. Rfd1 b6 15.
Rac1 Bb7 16. Qe2 Qd7 17. Qe3 Rfd8 18. b3 Rac8 19. Qf4 c5 20. Nb5 cxd4 21. Rxc8
Qxc8 22. e5 Qc2 23. Rxd4 Rxd4 24. Qxd4 Qc1+ 25. Bf1 Be7 26. Qd7 Bxf3 27. Qxe7 h6
28. Nd4 Be4 29. Ne2 Qe1 30. Qd8+ Kh7 31. Qxb6 Nc2 32. Qb5 Qd2 33. Qc5 Bd3 34.
Nf4 Bxf1 35. Kxf1 Qd1+ 36. Kg2 Ne1+ 37. Kh3 h5 0-1

[Event "59th World Juniors 2022"]
[Site "Cala Gonone ITA"]
[Date "2022.10.22"]
[Round "11.11"]
[White "Blohberger, Felix"]
[Black "Kosakowski, Jakub"]
[Result "1/2-1/2"]
[WhiteTitle "GM"]
[BlackTitle "IM"]
[WhiteElo "2493"]
[BlackElo "2465"]
[WhiteFideId "1632051"]
[BlackFideId "1185080"]
[EventDate "2022.10.12"]

1. Nf3 d5 2. g3 Nd7 3. d4 Nb6 4. Nc3 Nf6 5. Bg2 g6 6. O-O Bg7 7. a4 a5 8. b3 O-O
9. e3 Bg4 10. Ba3 Re8 11. Ne2 Bxf3 12. Bxf3 c6 13. Rc1 e5 14. c4 exd4 15. Nxd4
Ne4 16. Qc2 Ng5 17. Bg2 Bxd4 18. exd4 Ne6 19. Rfd1 dxc4 20. bxc4 Nxd4 21. Qb2
Ne2+ 22. Kf1 Nxc4 23. Rxd8 Raxd8 24. Qxe2 Rxe2 25. Kxe2 Nxa3 26. Rc3 Nb1 27. Rb3
Nd2 28. Rxb7 Rd6 29. Rb6 Nc4 30. Rxc6 Rd2+ 31. Ke1 Rd4 32. Rc8+ Kg7 33. Rb8 Na3
34. Bc6 Rd6 35. Bb5 Rd4 36. Be8 Nc4 37. Kf1 Nd6 38. Bc6 Rc4 39. Rb6 Ne4 40. Ra6
Nc3 41. Be8 Re4 42. Bb5 1/2-1/2

[Event "59th World Juniors 2022"]
[Site "Cala Gonone ITA"]
[Date "2022.10.22"]
[Round "11.12"]
[White "Ivic, Velimir"]
[Black "Olsen, Filip Boe"]
[Result "1-0"]
[WhiteTitle "GM"]
[BlackTitle "IM"]
[WhiteElo "2553"]
[BlackElo "2433"]
[WhiteFideId "950122"]
[BlackFideId "1440640"]
[EventDate "2022.10.12"]

1. d4 d5 2. c4 c6 3. Nf3 Nf6 4. Nc3 e6 5. Bg5 h6 6. Bh4 dxc4 7. e4 b5 8. e5 g5
9. Nxg5 hxg5 10. Bxg5 Nbd7 11. g3 Bb7 12. Bg2 Qb6 13. exf6 c5 14. d5 O-O-O 15.
O-O b4 16. Re1 bxc3 17. bxc3 e5 18. Rb1 Qa6 19. Rxb7 Qxb7 20. d6 Qa6 21. Qd5
Bxd6 22. Rb1 Nb6 23. Qxf7 Rd7 24. Qg6 Qxa2 25. Qe4 Bb8 26. h4 Rd3 27. Qb7+ 1-0

[Event "59th World Juniors 2022"]
[Site "Cala Gonone ITA"]
[Date "2022.10.22"]
[Round "11.13"]
[White "Barseghyan, Armen Ar."]
[Black "Budisavljevic, Luka"]
[Result "1/2-1/2"]
[WhiteTitle "IM"]
[BlackTitle "GM"]
[WhiteElo "2402"]
[BlackElo "2524"]
[WhiteFideId "13306707"]
[BlackFideId "960047"]
[EventDate "2022.10.12"]

1. d4 Nf6 2. c4 e6 3. Nf3 d5 4. Nc3 Bb4 5. Bg5 h6 6. Bxf6 Qxf6 7. Qa4+ Nc6 8. e3
O-O 9. Be2 dxc4 10. O-O a6 11. Bxc4 Bd6 12. Ne4 Qe7 13. Nxd6 cxd6 14. Qa3 d5 15.
Qxe7 Nxe7 16. Bd3 Bd7 17. Rfc1 Rfc8 18. Kf1 Bb5 19. Ke2 Bxd3+ 20. Kxd3 f6 21.
Kd2 Kf7 22. Ne1 e5 23. dxe5 fxe5 24. Nd3 Nc6 25. f4 e4 26. Nc5 Ke7 27. Na4 Rf8
28. Nb6 Rad8 29. Rc5 Ke6 30. Kc3 Rf5 31. g4 d4+ 32. exd4 Rxc5+ 33. dxc5 Rd3+ 34.
Kc4 Na5+ 35. Kb4 Nc6+ 36. Kc4 Rd2 37. Kc3 Rf2 38. Rd1 Rf3+ 39. Kc4 Rxf4 40. Rd6+
Kf7 41. Rd7+ Kg6 42. Nd5 Rxg4 43. Ne7+ Kf6 44. Nxc6 bxc6 45. Kd4 Rh4 46. Rc7
Rxh2 47. Rxc6+ Kf5 48. Rc7 g5 49. Rf7+ Kg4 50. c6 Rxb2 51. c7 Rc2 52. Kxe4 h5
53. Kd3 Rc6 54. Re7 h4 55. Re4+ Kf3 56. Rc4 Rxc7 57. Rxc7 h3 58. Rf7+ Kg3 59.
Ke2 h2 60. Rh7 Kg2 61. Rg7 h1=Q 62. Rxg5+ Kh2 63. Rh5+ Kg2 64. Rxh1 Kxh1 65. Kd2
Kg2 66. Kc3 Kf3 67. Kb4 Ke4 68. Ka5 Kd5 69. Kxa6 Kc6 70. a4 Kc7 71. Ka7 Kc8 72.
a5 Kc7 73. a6 Kc8 74. Ka8 Kc7 75. a7 Kc8 1/2-1/2

[Event "59th World Juniors 2022"]
[Site "Cala Gonone ITA"]
[Date "2022.10.22"]
[Round "11.14"]
[White "Abdurakhmonov, Mukhammadali"]
[Black "Horvath, Dominik"]
[Result "1/2-1/2"]
[WhiteTitle "FM"]
[BlackTitle "IM"]
[WhiteElo "2345"]
[BlackElo "2505"]
[WhiteFideId "14207346"]
[BlackFideId "1642561"]
[EventDate "2022.10.12"]

1. e4 e5 2. Nf3 Nc6 3. Bb5 a6 4. Bxc6 dxc6 5. d4 exd4 6. Qxd4 Qxd4 7. Nxd4 Bd7
8. Nc3 O-O-O 9. Be3 Ne7 10. O-O-O Ng6 11. f3 h5 12. h4 Bd6 13. Nf5 Be5 14. Ne2
Bxf5 15. Rxd8+ Rxd8 16. exf5 Ne7 17. g4 Nd5 18. Bd2 Nf6 19. Bg5 Re8 20. Bxf6
Bxf6 21. Ng3 hxg4 22. fxg4 Be5 23. Nf1 Bf4+ 24. Kd1 Re4 25. Rg1 b5 26. c3 c5 27.
Rg2 Bd6 28. Nd2 Rf4 29. h5 Kd7 30. Ke2 Kc6 31. b3 Kd5 32. c4+ Kc6 33. Ke3 Rd4 1/2-1/2

[Event "59th World Juniors 2022"]
[Site "Cala Gonone ITA"]
[Date "2022.10.22"]
[Round "11.15"]
[White "Parkhov, Yair"]
[Black "Petriashvili, Nikoloz"]
[Result "1/2-1/2"]
[WhiteTitle "IM"]
[BlackTitle "IM"]
[WhiteElo "2484"]
[BlackElo "2428"]
[WhiteFideId "2813408"]
[BlackFideId "13611216"]
[EventDate "2022.10.12"]

1. d4 d5 2. c4 c6 3. Nf3 Nf6 4. e3 e6 5. b3 Ne4 6. Bd3 Bb4+ 7. Nbd2 f5 8. O-O
Nd7 9. Bb2 Qf6 10. Rc1 O-O 11. Rc2 g5 12. a3 Bd6 13. Qa1 Qh6 14. Ne5 g4 15. Qe1
Rf7 16. cxd5 exd5 17. b4 a6 18. f4 gxf3 19. Ndxf3 Rg7 20. Re2 Ndf6 21. Qh4 Qxh4
22. Nxh4 Rg5 23. Nhf3 Rg7 24. Nh4 Rg5 25. Nhf3 Rg7 26. Nh4 Rg5 27. Nhf3 Rg7 1/2-1/2

[Event "59th World Juniors 2022"]
[Site "Cala Gonone ITA"]
[Date "2022.10.22"]
[Round "11.16"]
[White "Nogerbek, Kazybek"]
[Black "Stremavicius, Pijus"]
[Result "1-0"]
[WhiteTitle "IM"]
[BlackTitle "FM"]
[WhiteElo "2467"]
[BlackElo "2363"]
[WhiteFideId "13710427"]
[BlackFideId "12812730"]
[EventDate "2022.10.12"]

1. Nf3 f5 2. d3 d6 3. e4 e5 4. Nc3 Nc6 5. g3 Nge7 6. Be3 g6 7. d4 Bg7 8. dxe5
dxe5 9. Qxd8+ Kxd8 10. Ng5 Nd4 11. O-O-O Bd7 12. Nf7+ Kc8 13. Nxh8 Bxh8 14. Bg5
Ng8 15. Bc4 h6 16. Be3 Ne7 17. Bxh6 b5 18. Bf7 1-0